<?xml version="1.0" encoding="UTF-8"?>
<record
    xmlns:xsi="http://www.w3.org/2001/XMLSchema-instance"
    xsi:schemaLocation="http://www.loc.gov/MARC21/slim http://www.loc.gov/standards/marcxml/schema/MARC21slim.xsd"
    xmlns="http://www.loc.gov/MARC21/slim">

  <leader>00874nam a22002777a 4500</leader>
  <controlfield tag="005">20170206095433.0</controlfield>
  <datafield tag="010" ind1=" " ind2=" ">
    <subfield code="a">ENG-106786</subfield>
  </datafield>
  <datafield tag="020" ind1=" " ind2=" ">
    <subfield code="a">9781259064081</subfield>
    <subfield code="c">365.00</subfield>
  </datafield>
  <datafield tag="020" ind1=" " ind2=" ">
    <subfield code="a">1259064085</subfield>
    <subfield code="c">365.00</subfield>
  </datafield>
  <datafield tag="035" ind1=" " ind2=" ">
    <subfield code="a">EN-90319</subfield>
  </datafield>
  <datafield tag="035" ind1=" " ind2=" ">
    <subfield code="a">B-529675-700</subfield>
  </datafield>
  <datafield tag="037" ind1=" " ind2=" ">
    <subfield code="b">DBAD / PUB</subfield>
  </datafield>
  <datafield tag="037" ind1=" " ind2=" ">
    <subfield code="b">UBH/Ven</subfield>
    <subfield code="a">dpl</subfield>
  </datafield>
  <datafield tag="082" ind1=" " ind2=" ">
    <subfield code="a">485</subfield>
  </datafield>
  <datafield tag="082" ind1=" " ind2=" ">
    <subfield code="a">480</subfield>
  </datafield>
  <datafield tag="100" ind1=" " ind2=" ">
    <subfield code="a">Bhardwaj, A.P.</subfield>
  </datafield>
  <datafield tag="245" ind1=" " ind2=" ">
    <subfield code="a">Compulsory English for Civil and Judicial Services /</subfield>
    <subfield code="c">by A.P. Bhardwaj</subfield>
  </datafield>
  <datafield tag="250" ind1=" " ind2=" ">
    <subfield code="a">2nd ed</subfield>
  </datafield>
  <datafield tag="260" ind1=" " ind2=" ">
    <subfield code="a">New Delhi</subfield>
    <subfield code="b">Tata McGraw-Hill </subfield>
    <subfield code="c">2013</subfield>
  </datafield>
  <datafield tag="270" ind1=" " ind2=" ">
    <subfield code="a">P-24, Green Park Extension</subfield>
    <subfield code="b">New Delhi</subfield>
    <subfield code="e">110016</subfield>
  </datafield>
  <datafield tag="300" ind1=" " ind2=" ">
    <subfield code="a">various pagings</subfield>
    <subfield code="c">24cm(pbk)</subfield>
  </datafield>
  <datafield tag="490" ind1=" " ind2=" ">
    <subfield code="a">McGraw Hill education winning edge series</subfield>
  </datafield>
  <datafield tag="520" ind1=" " ind2=" ">
    <subfield code="a">13-14EN</subfield>
  </datafield>
  <datafield tag="942" ind1=" " ind2=" ">
    <subfield code="a">dpl</subfield>
    <subfield code="c">EN</subfield>
    <subfield code="2">ddc</subfield>
    <subfield code="m">BHA</subfield>
    <subfield code="h">480</subfield>
  </datafield>
  <datafield tag="999" ind1=" " ind2=" ">
    <subfield code="c">74137</subfield>
    <subfield code="d">74137</subfield>
  </datafield>
  <datafield tag="952" ind1=" " ind2=" ">
    <subfield code="0">0</subfield>
    <subfield code="1">0</subfield>
    <subfield code="2">ddc</subfield>
    <subfield code="4">0</subfield>
    <subfield code="7">1</subfield>
    <subfield code="8">NFIC</subfield>
    <subfield code="a">DBAD</subfield>
    <subfield code="b">DBAD</subfield>
    <subfield code="d">2013-04-03</subfield>
    <subfield code="e">DBAD/PUB</subfield>
    <subfield code="g">365.00</subfield>
    <subfield code="l">0</subfield>
    <subfield code="o">485 BHA</subfield>
    <subfield code="p">EN-90319</subfield>
    <subfield code="r">2013-04-03 00:00:00</subfield>
    <subfield code="t">1</subfield>
    <subfield code="v">365.00</subfield>
    <subfield code="w">2013-04-03</subfield>
    <subfield code="y">EN</subfield>
  </datafield>
  <datafield tag="952" ind1=" " ind2=" ">
    <subfield code="0">0</subfield>
    <subfield code="1">0</subfield>
    <subfield code="4">0</subfield>
    <subfield code="7">0</subfield>
    <subfield code="8">NFIC</subfield>
    <subfield code="a">L</subfield>
    <subfield code="b">L</subfield>
    <subfield code="d">2014-04-01</subfield>
    <subfield code="e">UBH/183/07.11.2013/38/10.10.2013/06.12.2013</subfield>
    <subfield code="g">385.00</subfield>
    <subfield code="l">17</subfield>
    <subfield code="m">10</subfield>
    <subfield code="o">480 BHA</subfield>
    <subfield code="p">B-529675</subfield>
    <subfield code="r">2023-02-04 00:00:00</subfield>
    <subfield code="s">2023-01-21</subfield>
    <subfield code="t">2</subfield>
    <subfield code="v">385.00</subfield>
    <subfield code="y">EN</subfield>
  </datafield>
  <datafield tag="952" ind1=" " ind2=" ">
    <subfield code="0">0</subfield>
    <subfield code="1">5</subfield>
    <subfield code="4">0</subfield>
    <subfield code="7">0</subfield>
    <subfield code="8">NFIC</subfield>
    <subfield code="a">L</subfield>
    <subfield code="b">L</subfield>
    <subfield code="d">2014-04-01</subfield>
    <subfield code="e">UBH/183/07.11.2013/38/10.10.2013/06.12.2013</subfield>
    <subfield code="g">385.00</subfield>
    <subfield code="l">0</subfield>
    <subfield code="o">480 BHA</subfield>
    <subfield code="p">B-529676</subfield>
    <subfield code="r">2014-04-01 00:00:00</subfield>
    <subfield code="t">2</subfield>
    <subfield code="v">385.00</subfield>
    <subfield code="y">EN</subfield>
  </datafield>
  <datafield tag="952" ind1=" " ind2=" ">
    <subfield code="0">0</subfield>
    <subfield code="1">0</subfield>
    <subfield code="4">0</subfield>
    <subfield code="7">1</subfield>
    <subfield code="8">REF</subfield>
    <subfield code="a">L</subfield>
    <subfield code="b">L</subfield>
    <subfield code="d">2014-04-01</subfield>
    <subfield code="e">UBH/183/07.11.2013/38/10.10.2013/06.12.2013</subfield>
    <subfield code="g">385.00</subfield>
    <subfield code="l">0</subfield>
    <subfield code="o">480 BHA</subfield>
    <subfield code="p">B-529677</subfield>
    <subfield code="r">2014-04-01 00:00:00</subfield>
    <subfield code="t">1</subfield>
    <subfield code="v">385.00</subfield>
    <subfield code="y">EN</subfield>
  </datafield>
  <datafield tag="952" ind1=" " ind2=" ">
    <subfield code="0">0</subfield>
    <subfield code="1">0</subfield>
    <subfield code="4">0</subfield>
    <subfield code="7">0</subfield>
    <subfield code="8">NFIC</subfield>
    <subfield code="a">M</subfield>
    <subfield code="b">M</subfield>
    <subfield code="d">2014-04-01</subfield>
    <subfield code="e">UBH/183/07.11.2013/38/10.10.2013/06.12.2013</subfield>
    <subfield code="g">385.00</subfield>
    <subfield code="l">0</subfield>
    <subfield code="o">480 BHA</subfield>
    <subfield code="p">B-529678</subfield>
    <subfield code="r">2014-04-01 00:00:00</subfield>
    <subfield code="t">4</subfield>
    <subfield code="v">385.00</subfield>
    <subfield code="y">EN</subfield>
  </datafield>
  <datafield tag="952" ind1=" " ind2=" ">
    <subfield code="0">0</subfield>
    <subfield code="1">0</subfield>
    <subfield code="4">0</subfield>
    <subfield code="7">0</subfield>
    <subfield code="8">NFIC</subfield>
    <subfield code="a">RC4</subfield>
    <subfield code="b">RC4</subfield>
    <subfield code="d">2014-04-01</subfield>
    <subfield code="e">UBH/183/07.11.2013/38/10.10.2013/06.12.2013</subfield>
    <subfield code="g">385.00</subfield>
    <subfield code="l">5</subfield>
    <subfield code="m">2</subfield>
    <subfield code="o">480 BHA</subfield>
    <subfield code="p">B-529679</subfield>
    <subfield code="r">2022-08-29 00:00:00</subfield>
    <subfield code="s">2022-07-15</subfield>
    <subfield code="t">4</subfield>
    <subfield code="v">385.00</subfield>
    <subfield code="y">EN</subfield>
  </datafield>
  <datafield tag="952" ind1=" " ind2=" ">
    <subfield code="0">0</subfield>
    <subfield code="1">0</subfield>
    <subfield code="4">0</subfield>
    <subfield code="7">0</subfield>
    <subfield code="8">NFIC</subfield>
    <subfield code="a">M</subfield>
    <subfield code="b">M</subfield>
    <subfield code="d">2014-04-01</subfield>
    <subfield code="e">UBH/183/07.11.2013/38/10.10.2013/06.12.2013</subfield>
    <subfield code="g">385.00</subfield>
    <subfield code="l">0</subfield>
    <subfield code="o">480 BHA</subfield>
    <subfield code="p">B-529680</subfield>
    <subfield code="r">2014-04-01 00:00:00</subfield>
    <subfield code="t">4</subfield>
    <subfield code="v">385.00</subfield>
    <subfield code="y">EN</subfield>
  </datafield>
  <datafield tag="952" ind1=" " ind2=" ">
    <subfield code="0">0</subfield>
    <subfield code="1">0</subfield>
    <subfield code="4">0</subfield>
    <subfield code="7">0</subfield>
    <subfield code="8">NFIC</subfield>
    <subfield code="a">M</subfield>
    <subfield code="b">M</subfield>
    <subfield code="d">2014-04-01</subfield>
    <subfield code="e">UBH/183/07.11.2013/38/10.10.2013/06.12.2013</subfield>
    <subfield code="g">385.00</subfield>
    <subfield code="l">0</subfield>
    <subfield code="o">480 BHA</subfield>
    <subfield code="p">B-529681</subfield>
    <subfield code="r">2014-04-01 00:00:00</subfield>
    <subfield code="t">4</subfield>
    <subfield code="v">385.00</subfield>
    <subfield code="y">EN</subfield>
  </datafield>
  <datafield tag="952" ind1=" " ind2=" ">
    <subfield code="0">0</subfield>
    <subfield code="1">0</subfield>
    <subfield code="4">0</subfield>
    <subfield code="7">0</subfield>
    <subfield code="8">NFIC</subfield>
    <subfield code="a">NPL</subfield>
    <subfield code="b">NPL</subfield>
    <subfield code="d">2014-04-01</subfield>
    <subfield code="e">UBH/183/07.11.2013/38/10.10.2013/06.12.2013</subfield>
    <subfield code="g">385.00</subfield>
    <subfield code="l">0</subfield>
    <subfield code="o">480 BHA</subfield>
    <subfield code="p">B-529682</subfield>
    <subfield code="r">2014-04-01 00:00:00</subfield>
    <subfield code="t">1</subfield>
    <subfield code="v">385.00</subfield>
    <subfield code="y">EN</subfield>
  </datafield>
  <datafield tag="952" ind1=" " ind2=" ">
    <subfield code="0">1</subfield>
    <subfield code="1">0</subfield>
    <subfield code="4">0</subfield>
    <subfield code="7">0</subfield>
    <subfield code="8">NFIC</subfield>
    <subfield code="a">BL1</subfield>
    <subfield code="b">BL1</subfield>
    <subfield code="d">2014-04-01</subfield>
    <subfield code="e">UBH/183/07.11.2013/38/10.10.2013/06.12.2013</subfield>
    <subfield code="g">385.00</subfield>
    <subfield code="l">5</subfield>
    <subfield code="m">6</subfield>
    <subfield code="o">480 BHA</subfield>
    <subfield code="p">B-529683</subfield>
    <subfield code="r">2019-03-08 00:00:00</subfield>
    <subfield code="s">2019-02-04</subfield>
    <subfield code="t">1</subfield>
    <subfield code="v">385.00</subfield>
    <subfield code="y">EN</subfield>
  </datafield>
  <datafield tag="952" ind1=" " ind2=" ">
    <subfield code="0">0</subfield>
    <subfield code="1">0</subfield>
    <subfield code="4">0</subfield>
    <subfield code="7">0</subfield>
    <subfield code="8">NFIC</subfield>
    <subfield code="a">KGM</subfield>
    <subfield code="b">KGM</subfield>
    <subfield code="d">2014-04-01</subfield>
    <subfield code="e">UBH/183/07.11.2013/38/10.10.2013/06.12.2013</subfield>
    <subfield code="g">385.00</subfield>
    <subfield code="l">0</subfield>
    <subfield code="o">480 BHA</subfield>
    <subfield code="p">B-529684</subfield>
    <subfield code="r">2014-04-01 00:00:00</subfield>
    <subfield code="t">1</subfield>
    <subfield code="v">385.00</subfield>
    <subfield code="y">EN</subfield>
  </datafield>
  <datafield tag="952" ind1=" " ind2=" ">
    <subfield code="0">0</subfield>
    <subfield code="1">0</subfield>
    <subfield code="4">0</subfield>
    <subfield code="7">0</subfield>
    <subfield code="8">NFIC</subfield>
    <subfield code="a">TN</subfield>
    <subfield code="b">TN</subfield>
    <subfield code="d">2014-04-01</subfield>
    <subfield code="e">UBH/183/07.11.2013/38/10.10.2013/06.12.2013</subfield>
    <subfield code="g">385.00</subfield>
    <subfield code="l">1</subfield>
    <subfield code="m">1</subfield>
    <subfield code="o">480 BHA</subfield>
    <subfield code="p">B-529685</subfield>
    <subfield code="r">2020-02-18 00:00:00</subfield>
    <subfield code="s">2020-02-15</subfield>
    <subfield code="t">1</subfield>
    <subfield code="v">385.00</subfield>
    <subfield code="y">EN</subfield>
  </datafield>
  <datafield tag="952" ind1=" " ind2=" ">
    <subfield code="0">0</subfield>
    <subfield code="1">0</subfield>
    <subfield code="4">0</subfield>
    <subfield code="7">0</subfield>
    <subfield code="8">NFIC</subfield>
    <subfield code="a">TN</subfield>
    <subfield code="b">TN</subfield>
    <subfield code="d">2014-04-01</subfield>
    <subfield code="e">UBH/183/07.11.2013/38/10.10.2013/06.12.2013</subfield>
    <subfield code="g">385.00</subfield>
    <subfield code="l">12</subfield>
    <subfield code="m">4</subfield>
    <subfield code="o">480 BHA</subfield>
    <subfield code="p">B-529686</subfield>
    <subfield code="r">2023-08-29 00:00:00</subfield>
    <subfield code="s">2023-08-29</subfield>
    <subfield code="t">1</subfield>
    <subfield code="v">385.00</subfield>
    <subfield code="y">EN</subfield>
  </datafield>
  <datafield tag="952" ind1=" " ind2=" ">
    <subfield code="0">0</subfield>
    <subfield code="1">5</subfield>
    <subfield code="4">0</subfield>
    <subfield code="7">0</subfield>
    <subfield code="8">NFIC</subfield>
    <subfield code="a">CJ</subfield>
    <subfield code="b">CJ</subfield>
    <subfield code="d">2014-04-01</subfield>
    <subfield code="e">UBH/183/07.11.2013/38/10.10.2013/06.12.2013</subfield>
    <subfield code="g">385.00</subfield>
    <subfield code="l">0</subfield>
    <subfield code="o">480 BHA</subfield>
    <subfield code="p">B-529687</subfield>
    <subfield code="r">2014-04-01 00:00:00</subfield>
    <subfield code="t">1</subfield>
    <subfield code="v">385.00</subfield>
    <subfield code="y">EN</subfield>
  </datafield>
  <datafield tag="952" ind1=" " ind2=" ">
    <subfield code="0">0</subfield>
    <subfield code="1">0</subfield>
    <subfield code="4">0</subfield>
    <subfield code="7">0</subfield>
    <subfield code="8">NFIC</subfield>
    <subfield code="a">JP</subfield>
    <subfield code="b">JP</subfield>
    <subfield code="d">2014-04-01</subfield>
    <subfield code="e">UBH/183/07.11.2013/38/10.10.2013/06.12.2013</subfield>
    <subfield code="g">385.00</subfield>
    <subfield code="l">40</subfield>
    <subfield code="m">12</subfield>
    <subfield code="o">480 BHA</subfield>
    <subfield code="p">B-529688</subfield>
    <subfield code="r">2019-01-07 00:00:00</subfield>
    <subfield code="s">2018-12-21</subfield>
    <subfield code="t">1</subfield>
    <subfield code="v">385.00</subfield>
    <subfield code="y">EN</subfield>
  </datafield>
  <datafield tag="952" ind1=" " ind2=" ">
    <subfield code="0">0</subfield>
    <subfield code="1">0</subfield>
    <subfield code="4">0</subfield>
    <subfield code="7">0</subfield>
    <subfield code="8">NFIC</subfield>
    <subfield code="a">ZLS</subfield>
    <subfield code="b">ZLS</subfield>
    <subfield code="d">2014-04-01</subfield>
    <subfield code="e">UBH/183/07.11.2013/38/10.10.2013/06.12.2013</subfield>
    <subfield code="g">385.00</subfield>
    <subfield code="l">9</subfield>
    <subfield code="m">9</subfield>
    <subfield code="o">480 BHA</subfield>
    <subfield code="p">B-529689</subfield>
    <subfield code="r">2023-03-15 00:00:00</subfield>
    <subfield code="s">2023-02-15</subfield>
    <subfield code="t">1</subfield>
    <subfield code="v">385.00</subfield>
    <subfield code="y">EN</subfield>
  </datafield>
  <datafield tag="952" ind1=" " ind2=" ">
    <subfield code="0">0</subfield>
    <subfield code="1">0</subfield>
    <subfield code="4">0</subfield>
    <subfield code="7">0</subfield>
    <subfield code="8">NFIC</subfield>
    <subfield code="a">AG</subfield>
    <subfield code="b">AG</subfield>
    <subfield code="d">2014-04-01</subfield>
    <subfield code="e">UBH/183/07.11.2013/38/10.10.2013/06.12.2013</subfield>
    <subfield code="g">385.00</subfield>
    <subfield code="l">0</subfield>
    <subfield code="o">480 BHA</subfield>
    <subfield code="p">B-529690</subfield>
    <subfield code="r">2014-04-01 00:00:00</subfield>
    <subfield code="t">1</subfield>
    <subfield code="v">385.00</subfield>
    <subfield code="y">EN</subfield>
  </datafield>
  <datafield tag="952" ind1=" " ind2=" ">
    <subfield code="0">0</subfield>
    <subfield code="1">0</subfield>
    <subfield code="4">0</subfield>
    <subfield code="7">0</subfield>
    <subfield code="8">NFIC</subfield>
    <subfield code="a">SP</subfield>
    <subfield code="b">SP</subfield>
    <subfield code="d">2014-04-01</subfield>
    <subfield code="e">UBH/183/07.11.2013/38/10.10.2013/06.12.2013</subfield>
    <subfield code="g">385.00</subfield>
    <subfield code="l">0</subfield>
    <subfield code="o">480 BHA</subfield>
    <subfield code="p">B-529691</subfield>
    <subfield code="r">2014-04-01 00:00:00</subfield>
    <subfield code="t">1</subfield>
    <subfield code="v">385.00</subfield>
    <subfield code="y">EN</subfield>
  </datafield>
  <datafield tag="952" ind1=" " ind2=" ">
    <subfield code="0">0</subfield>
    <subfield code="1">0</subfield>
    <subfield code="4">0</subfield>
    <subfield code="7">0</subfield>
    <subfield code="8">NFIC</subfield>
    <subfield code="a">VP</subfield>
    <subfield code="b">VP</subfield>
    <subfield code="d">2014-04-01</subfield>
    <subfield code="e">UBH/183/07.11.2013/38/10.10.2013/06.12.2013</subfield>
    <subfield code="g">385.00</subfield>
    <subfield code="l">28</subfield>
    <subfield code="m">10</subfield>
    <subfield code="o">480 BHA</subfield>
    <subfield code="p">B-529692</subfield>
    <subfield code="r">2023-01-17 00:00:00</subfield>
    <subfield code="s">2022-10-27</subfield>
    <subfield code="t">1</subfield>
    <subfield code="v">385.00</subfield>
    <subfield code="y">EN</subfield>
  </datafield>
  <datafield tag="952" ind1=" " ind2=" ">
    <subfield code="0">0</subfield>
    <subfield code="1">0</subfield>
    <subfield code="4">0</subfield>
    <subfield code="7">0</subfield>
    <subfield code="8">NFIC</subfield>
    <subfield code="a">BN</subfield>
    <subfield code="b">BN</subfield>
    <subfield code="d">2014-04-01</subfield>
    <subfield code="e">UBH/183/07.11.2013/38/10.10.2013/06.12.2013</subfield>
    <subfield code="g">385.00</subfield>
    <subfield code="l">12</subfield>
    <subfield code="m">0</subfield>
    <subfield code="o">480 BHA</subfield>
    <subfield code="p">B-529693</subfield>
    <subfield code="r">2024-05-18 00:00:00</subfield>
    <subfield code="s">2024-05-16</subfield>
    <subfield code="t">1</subfield>
    <subfield code="v">385.00</subfield>
    <subfield code="y">EN</subfield>
  </datafield>
  <datafield tag="952" ind1=" " ind2=" ">
    <subfield code="0">0</subfield>
    <subfield code="1">0</subfield>
    <subfield code="4">0</subfield>
    <subfield code="7">0</subfield>
    <subfield code="8">NFIC</subfield>
    <subfield code="a">NRR</subfield>
    <subfield code="b">NRR</subfield>
    <subfield code="d">2014-04-01</subfield>
    <subfield code="e">UBH/183/07.11.2013/38/10.10.2013/06.12.2013</subfield>
    <subfield code="g">385.00</subfield>
    <subfield code="l">0</subfield>
    <subfield code="o">480 BHA</subfield>
    <subfield code="p">B-529694</subfield>
    <subfield code="r">2014-04-01 00:00:00</subfield>
    <subfield code="t">1</subfield>
    <subfield code="v">385.00</subfield>
    <subfield code="y">EN</subfield>
  </datafield>
  <datafield tag="952" ind1=" " ind2=" ">
    <subfield code="0">0</subfield>
    <subfield code="1">5</subfield>
    <subfield code="4">0</subfield>
    <subfield code="7">0</subfield>
    <subfield code="8">NFIC</subfield>
    <subfield code="a">NR</subfield>
    <subfield code="b">NR</subfield>
    <subfield code="d">2014-04-01</subfield>
    <subfield code="e">UBH/183/07.11.2013/38/10.10.2013/06.12.2013</subfield>
    <subfield code="g">385.00</subfield>
    <subfield code="l">0</subfield>
    <subfield code="o">480 BHA</subfield>
    <subfield code="p">B-529695</subfield>
    <subfield code="r">2014-04-01 00:00:00</subfield>
    <subfield code="t">1</subfield>
    <subfield code="v">385.00</subfield>
    <subfield code="y">EN</subfield>
  </datafield>
  <datafield tag="952" ind1=" " ind2=" ">
    <subfield code="0">0</subfield>
    <subfield code="1">0</subfield>
    <subfield code="4">0</subfield>
    <subfield code="7">0</subfield>
    <subfield code="8">NFIC</subfield>
    <subfield code="a">BN</subfield>
    <subfield code="b">BN</subfield>
    <subfield code="d">2014-04-01</subfield>
    <subfield code="e">UBH/183/07.11.2013/38/10.10.2013/06.12.2013</subfield>
    <subfield code="g">385.00</subfield>
    <subfield code="l">23</subfield>
    <subfield code="m">0</subfield>
    <subfield code="o">480 BHA</subfield>
    <subfield code="p">B-529696</subfield>
    <subfield code="r">2025-10-29 00:00:00</subfield>
    <subfield code="s">2025-10-17</subfield>
    <subfield code="t">1</subfield>
    <subfield code="v">385.00</subfield>
    <subfield code="y">EN</subfield>
  </datafield>
  <datafield tag="952" ind1=" " ind2=" ">
    <subfield code="0">0</subfield>
    <subfield code="1">0</subfield>
    <subfield code="4">0</subfield>
    <subfield code="7">0</subfield>
    <subfield code="8">NFIC</subfield>
    <subfield code="a">KV</subfield>
    <subfield code="b">KV</subfield>
    <subfield code="d">2014-04-01</subfield>
    <subfield code="e">UBH/183/07.11.2013/38/10.10.2013/06.12.2013</subfield>
    <subfield code="g">385.00</subfield>
    <subfield code="l">0</subfield>
    <subfield code="o">480 BHA</subfield>
    <subfield code="p">B-529697</subfield>
    <subfield code="r">2014-04-01 00:00:00</subfield>
    <subfield code="t">1</subfield>
    <subfield code="v">385.00</subfield>
    <subfield code="y">EN</subfield>
  </datafield>
  <datafield tag="952" ind1=" " ind2=" ">
    <subfield code="0">0</subfield>
    <subfield code="1">5</subfield>
    <subfield code="4">0</subfield>
    <subfield code="7">0</subfield>
    <subfield code="8">NFIC</subfield>
    <subfield code="a">MV</subfield>
    <subfield code="b">MV</subfield>
    <subfield code="d">2014-04-01</subfield>
    <subfield code="e">UBH/183/07.11.2013/38/10.10.2013/06.12.2013</subfield>
    <subfield code="g">385.00</subfield>
    <subfield code="l">0</subfield>
    <subfield code="o">480 BHA</subfield>
    <subfield code="p">B-529698</subfield>
    <subfield code="r">2014-04-01 00:00:00</subfield>
    <subfield code="t">1</subfield>
    <subfield code="v">385.00</subfield>
    <subfield code="y">EN</subfield>
  </datafield>
  <datafield tag="952" ind1=" " ind2=" ">
    <subfield code="0">0</subfield>
    <subfield code="1">0</subfield>
    <subfield code="4">0</subfield>
    <subfield code="7">0</subfield>
    <subfield code="8">NFIC</subfield>
    <subfield code="a">MP</subfield>
    <subfield code="b">MP</subfield>
    <subfield code="d">2014-04-01</subfield>
    <subfield code="e">UBH/183/07.11.2013/38/10.10.2013/06.12.2013</subfield>
    <subfield code="g">385.00</subfield>
    <subfield code="l">0</subfield>
    <subfield code="o">480 BHA</subfield>
    <subfield code="p">B-529699</subfield>
    <subfield code="r">2014-04-01 00:00:00</subfield>
    <subfield code="t">1</subfield>
    <subfield code="v">385.00</subfield>
    <subfield code="y">EN</subfield>
  </datafield>
  <datafield tag="952" ind1=" " ind2=" ">
    <subfield code="0">0</subfield>
    <subfield code="1">0</subfield>
    <subfield code="4">0</subfield>
    <subfield code="7">0</subfield>
    <subfield code="8">NFIC</subfield>
    <subfield code="a">BL4</subfield>
    <subfield code="b">BL4</subfield>
    <subfield code="d">2014-04-01</subfield>
    <subfield code="e">UBH/183/07.11.2013/38/10.10.2013/06.12.2013</subfield>
    <subfield code="g">385.00</subfield>
    <subfield code="l">7</subfield>
    <subfield code="m">4</subfield>
    <subfield code="o">480 BHA</subfield>
    <subfield code="p">B-529700</subfield>
    <subfield code="r">2022-09-26 00:00:00</subfield>
    <subfield code="s">2022-09-17</subfield>
    <subfield code="t">1</subfield>
    <subfield code="v">385.00</subfield>
    <subfield code="y">EN</subfield>
  </datafield>
</record>
